Normal view
MARC view
Entry Personal Name
001 - CONTROL NUMBER
- control field: 13286
003 - CONTROL NUMBER IDENTIFIER
- control field: ARRUPE
005 - DATE AND TIME OF LATEST TRANSACTION
- control field: 20141210144435.0
008 - FIXED-LENGTH DATA ELEMENTS
- fixed length control field: 141210|| aca||aabn | a|a d
040 ## - CATALOGING SOURCE
- Original cataloging agency: ARRUPE
- Transcribing agency: ARRUPE
100 ## - HEADING--PERSONAL NAME
- Personal name: Gwassa, G. C. K.
670 ## - SOURCE DATA FOUND
- Source citation: Work cat.: (ARRUPE)0: Records of the Maji Maji Rising :, [1968].